00628nam a2200181Ia 4500001001000000003000500010008004100015010001100056040000900067082001800076245016300094260002800257300001100285650004200296650003800338650002100376700004900397Para_7215CHAP220125s1980 xx 000 0 und d a206101 cCHAP aPA 635.652 P7 aProblemas de producción de frijol :b enfermedades, insectos, limitaciones, edáficas y climáticas de pahaseolus vulgaris /c ed. by Howard F. Gálvez aCali, Colombia :b CIAT a424 p. aFrijol x enfermedades por bacterias  aFrijol x enfermedades por virus  aFrijol x plagas aSchwartz, Howard F. / Gálvez, Guillermo E.